Characters by Odd Clue — Percy Jackson - Statistics

General Stats
  • This quiz has been taken 97 times
  • The average score is 10 of 16
Answer Stats
Hint Answer % Correct
Percy thinks his last name is “Blowfish.” Paul Blofis
98%
The centaur in a wheelchair. Chiron
93%
From pigs to guinea pigs… Circe
86%
Great, the satyr’s stuck below a tree. Grover Underwood
84%
Was a tree, returned to human form by a sheepskin rug. Thalia Grace
81%
Just one picture and…now you’re a statue! Medusa
78%
Oh, I’m sorry, but your algebra teacher is actually a Fury — I mean, a Kindly One! Alecto/Ms. Dodds
69%
Just give him a red ball and he’ll let you into the Underworld! Cerberus
69%
Pegasi gamble? Blackjack
63%
Percy renamed him “Bob.” Iapetus
62%
Lady Gaga sings her initials in “Bad Romance!” Reyna Avila Ramírez-Arellano
54%
It’s just a fire-breathing chihuahua! Chimera
52%
Why is this satyr a happy bush? Gleeson Hedge
41%
Supposed to be dead, but revived. Leo Valdez
35%
Hammurabi’s Code! Ethan Nakamura
16%
Has a magical handkerchief with Brazilian flag. Paolo
12%
No matching quizzes found
Score Distribution
Percent of People with Each Score
Percentile by Number Answered
Your Score History
You have not taken this quiz